| 000 | 00498nam a2200169 i 4500 | ||
|---|---|---|---|
| 001 | 100960 | ||
| 003 | ES-MaACL | ||
| 007 | t| | ||
| 008 | 051010s1948 sp ||||1| spa d | ||
| 100 | 1 |
_aMaugham, W. Somerset. _979192 |
|
| 245 | 1 | 0 |
_aBelleza y hogar / _cWilliam Somerset Maugham; [versión española de J. Palomo]. |
| 250 | _a[1ª ed.]. | ||
| 260 |
_aBarcelona : _bLuis de Caralt, _c1948. |
||
| 300 |
_a158 p. ; _c19 cm. |
||
| 700 | 1 |
_aPalomo, J. _988702 |
|
| 852 |
_aES-MaACL _jE-911 _bR.26484 |
||
| 999 |
_c100960 _d100960 |
||